[Event "24. Schweinfurt Open"]
[Site "Schweinfurt"]
[Date "2014.06.19"]
[Round "1.1"]
[White "Golda, Harald"]
[Black "Baumgärtner, Frank"]
[Result "1-0"]
[WhiteElo "2345"]
[BlackElo "1761"]
[PlyCount "81"]
[EventDate "2014.??.??"]
[WhiteTeam "SK Schweinfurt 2000 e.V."]
[BlackTeam "Kronacher SK 1882 e.V."]

1. d4 d5 2. Nf3 Nf6 3. c4 e6 4. Nc3 Be7 5. Bg5 Nbd7 6. e3 O-O 7. Bd3 Re8 8. O-O
c6 9. Rc1 h6 10. Bh4 dxc4 11. Bxc4 Nd5 12. Bg3 Bf6 13. a3 Nxc3 14. bxc3 Qa5 15.
Qb3 Qh5 16. Rfe1 e5 17. e4 Bg5 18. Nxg5 hxg5 19. Rcd1 exd4 20. cxd4 Nf6 21. d5
Qg6 22. f3 g4 23. dxc6 bxc6 24. f4 Qh5 25. f5 Nh7 26. Qa4 Nf6 27. Qxc6 Bd7 28.
Rxd7 Nxd7 29. Qxd7 Red8 30. Qb7 Rac8 31. Bd5 Rc2 32. Qxa7 Rdc8 33. Qe3 R8c3 34.
Qf4 Rf3 35. gxf3 Qh3 36. Bf2 gxf3 37. Qg3 Qh5 38. f6 g5 39. e5 g4 40. Bxf3 Rxf2
41. Kxf2 1-0

[Event "24. Schweinfurt Open"]
[Site "Schweinfurt"]
[Date "2014.06.19"]
[Round "1.2"]
[White "Volkovski, Reinhold"]
[Black "Schmid, Michael"]
[Result "0-1"]
[WhiteElo "1742"]
[BlackElo "2227"]
[PlyCount "74"]
[EventDate "2014.??.??"]
[WhiteTeam "TSV 1869 e. V. Rottendorf"]
[BlackTeam "SC Bad Königshofen 1957"]

1. e4 c6 2. Nc3 d5 3. d3 Nf6 4. Bd2 e5 5. g3 Bc5 6. h3 Qb6 7. Qe2 Qxb2 8. Rb1
Qxc2 9. exd5 Bd4 10. Rc1 Qb2 11. Rb1 Qa3 12. Rb3 Qa6 13. dxc6 Nxc6 14. Nf3 O-O
15. Bg2 Bf5 16. Ne4 Nxe4 17. dxe4 Qxe2+ 18. Kxe2 Bxe4 19. Rc1 Bb6 20. Kf1 Rfd8
21. Be3 Rd3 22. Rxd3 Bxd3+ 23. Kg1 e4 24. Nd2 Bxe3 25. fxe3 f5 26. Rc5 g6 27.
a3 Kf7 28. Nb3 Rd8 29. Rc3 Ne5 30. Nd4 Ke7 31. Rc7+ Rd7 32. Rc3 Kd6 33. Kf2 Rc7
34. Rb3 b6 35. Ke1 Rc1+ 36. Kf2 Kd5 37. Rb2 Bc4 0-1

[Event "24. Schweinfurt Open"]
[Site "Schweinfurt"]
[Date "2014.06.19"]
[Round "1.3"]
[White "Krauß, Josef"]
[Black "Heinrich, Michael"]
[Result "1-0"]
[WhiteElo "2174"]
[BlackElo "1653"]
[PlyCount "23"]
[EventDate "2014.??.??"]
[WhiteTeam "SK Schweinfurt 2000 e.V."]
[BlackTeam "DJK Abersfeld"]

1. e4 c5 2. c3 Nc6 3. d4 cxd4 4. cxd4 d5 5. exd5 Qxd5 6. Nf3 Bg4 7. Nc3 Qa5 8.
d5 O-O-O 9. Bd2 Ne5 10. Nb5 Qb6 11. Qc2+ Kb8 12. Nxe5 1-0

[Event "24. Schweinfurt Open"]
[Site "Schweinfurt"]
[Date "2014.06.19"]
[Round "1.4"]
[White "Hartmann, Christian"]
[Black "Ziegler, Michael"]
[Result "0-1"]
[WhiteElo "1650"]
[BlackElo "2158"]
[PlyCount "60"]
[EventDate "2014.??.??"]
[WhiteTeam "SC Tarrasch 45 München"]
[BlackTeam "SC Prichsenstadt"]

1. e4 c5 2. Nc3 e6 3. g3 d5 4. Bg2 dxe4 5. Nxe4 Be7 6. Ne2 Nf6 7. Nxf6+ Bxf6 8.
O-O O-O 9. Nc3 Qc7 10. Ne4 Be7 11. d3 Nc6 12. a4 b6 13. f4 Bb7 14. c3 Rad8 15.
Qc2 Ba6 16. Nf2 Rd7 17. Re1 Rfd8 18. Bf1 Bf6 19. Re3 g6 20. Bd2 Bg7 21. Rae1
Ne7 22. Rd1 Nf5 23. Ree1 Bb7 24. Bg2 Bxg2 25. Kxg2 Qc6+ 26. Kg1 c4 27. dxc4
Qxc4 28. Bc1 Nd4 29. Qe4 Ne2+ 30. Rxe2 Rxd1+ 0-1

[Event "24. Schweinfurt Open"]
[Site "Schweinfurt"]
[Date "2014.06.19"]
[Round "1.5"]
[White "Amtmann, Florian"]
[Black "Schleicher, Roland"]
[Result "1-0"]
[WhiteElo "2153"]
[BlackElo "1632"]
[PlyCount "23"]
[EventDate "2014.??.??"]
[WhiteTeam "Spvgg 1946 e.V. Stetten"]
[BlackTeam "SC Kitzingen von 1905"]

1. d4 Nf6 2. c4 g6 3. Nc3 d5 4. cxd5 Nxd5 5. e4 Nxc3 6. bxc3 Bg7 7. Nf3 c5 8.
Rb1 Qa5 9. Rb5 Qxa2 10. Rxc5 Bd7 11. Bc4 Qa4 12. Rc8+ 1-0

[Event "24. Schweinfurt Open"]
[Site "Schweinfurt"]
[Date "2014.06.19"]
[Round "1.6"]
[White "Grasmik, Waldemar"]
[Black "Kuhn, Norbert"]
[Result "0-1"]
[WhiteElo "1597"]
[BlackElo "2151"]
[PlyCount "60"]
[EventDate "2014.??.??"]
[WhiteTeam "Bad Kissingen (vls)"]
[BlackTeam "SV Würzburg von 1865 e.V."]

1. Nc3 e5 2. e4 Nf6 3. a3 Nc6 4. Bc4 Bc5 5. d3 d6 6. h4 Bg4 7. f3 Be6 8. Bxe6
fxe6 9. Bg5 Qd7 10. Nge2 Nd4 11. Qd2 O-O 12. O-O-O b5 13. Nxd4 Bxd4 14. Ne2 a5
15. c3 Bb6 16. d4 exd4 17. Nxd4 b4 18. cxb4 axb4 19. Qxb4 Ra4 20. Qc3 d5 21. e5
Rc4 22. exf6 Rxc3+ 23. bxc3 gxf6 24. Be3 Ra8 25. Nc2 Bxe3+ 26. Nxe3 Rxa3 27.
Kd2 d4 28. cxd4 Qxd4+ 29. Ke2 Qxe3+ 30. Kf1 Ra2 0-1

[Event "24. Schweinfurt Open"]
[Site "Schweinfurt"]
[Date "2014.06.19"]
[Round "1.7"]
[White "Lukas, Norbert"]
[Black "Sendner, Markus"]
[Result "1-0"]
[WhiteElo "2061"]
[BlackElo "1582"]
[PlyCount "87"]
[EventDate "2014.??.??"]
[WhiteTeam "SK Schweinfurt 2000 e.V."]
[BlackTeam "SC Kitzingen von 1905"]

1. e4 c5 2. Nf3 d6 3. d4 cxd4 4. Nxd4 Nf6 5. Nc3 g6 6. Bd3 Bg7 7. O-O Nc6 8.
Nde2 O-O 9. Kh1 d5 10. exd5 Nxd5 11. Nxd5 Qxd5 12. Nc3 Qa5 13. Bd2 a6 14. f4 e6
15. a3 Qc7 16. Qe1 b5 17. Rf3 Nd4 18. Rg3 e5 19. Qf2 Nf5 20. Rh3 Qa7 21. Be3
Nxe3 22. Rxe3 exf4 23. Qxf4 Qb8 24. Qb4 Be5 25. Nd5 Qd6 26. Qe4 Bb7 27. Qxe5
Qxd5 28. Qxd5 Bxd5 29. Rae1 Be6 30. Kg1 Kg7 31. Kf2 Rac8 32. c3 Rc5 33. Re5
Rfc8 34. R1e3 Rxe5 35. Rxe5 Kf6 36. Re3 Rc5 37. Be4 Bd5 38. b4 Bxe4 39. bxc5
Bc6 40. Rd3 Ke7 41. Rd6 Bb7 42. g3 h5 43. Ke3 Bc8 44. Kd4 1-0

[Event "24. Schweinfurt Open"]
[Site "Schweinfurt"]
[Date "2014.06.19"]
[Round "1.8"]
[White "Brodt, Andreas"]
[Black "Schmitz, Wolfgang"]
[Result "1-0"]
[WhiteElo "1579"]
[BlackElo "2057"]
[PlyCount "99"]
[EventDate "2014.??.??"]
[WhiteTeam "SK Schweinfurt 2000 e.V."]
[BlackTeam "SC Prichsenstadt"]

1. d4 d5 2. Nf3 Nf6 3. g3 e6 4. Bg2 Nc6 5. Bg5 Be7 6. O-O O-O 7. Nc3 h6 8. Bxf6
Bxf6 9. e3 Bd7 10. a3 a5 11. Re1 a4 12. e4 dxe4 13. Nxe4 Be7 14. c3 Re8 15.
Ned2 f6 16. Nf1 Na5 17. N3d2 c5 18. Ne3 cxd4 19. cxd4 Rc8 20. Qh5 f5 21. d5 Bf6
22. Rab1 exd5 23. Bxd5+ Be6 24. Qxf5 Qxd5 25. Qxd5 Bxd5 26. Nxd5 Red8 27. Nxf6+
gxf6 28. Ne4 Kf7 29. Red1 Rxd1+ 30. Rxd1 Rc2 31. Rd2 Rc1+ 32. Kg2 f5 33. Nc3
Nc4 34. Rd7+ Ke6 35. Rxb7 Nxb2 36. Ne2 Ra1 37. Rxb2 Rxa3 38. Rb6+ Kd5 39. Rxh6
Kc4 40. Ra6 Ra1 41. h4 a3 42. h5 Re1 43. Nc1 Kb5 44. Rxa3 Rxc1 45. Re3 Rc5 46.
Kf3 Kc4 47. Kf4 Kd4 48. Re8 Rc7 49. Rd8+ Kc5 50. h6 1-0

[Event "24. Schweinfurt Open"]
[Site "Schweinfurt"]
[Date "2014.06.19"]
[Round "1.9"]
[White "Barnickel, Josef"]
[Black "Hofmann-Weippert, Matthias"]
[Result "1-0"]
[WhiteElo "2037"]
[BlackElo "1508"]
[PlyCount "55"]
[EventDate "2014.??.??"]
[WhiteTeam "SF Windheim e.V."]
[BlackTeam "SV Würzburg von 1865 e.V."]

1. d4 Nf6 2. c4 e6 3. Nf3 c5 4. g3 b6 5. Bg2 Bb7 6. d5 exd5 7. Nh4 d6 8. Nc3
Qc8 9. cxd5 Be7 10. e4 O-O 11. Nf5 Qd8 12. O-O Re8 13. e5 Nfd7 14. Nxe7+ Qxe7
15. exd6 Qf6 16. Nb5 Na6 17. a4 Rad8 18. Ra3 Qf5 19. Nxa7 Nb4 20. Nc6 Ba6 21.
Ne7+ Rxe7 22. dxe7 Re8 23. d6 Bxf1 24. Bxf1 Qe4 25. Bb5 Qf5 26. a5 bxa5 27.
Rxa5 Nd5 28. Bxd7 1-0

[Event "24. Schweinfurt Open"]
[Site "Schweinfurt"]
[Date "2014.06.19"]
[Round "1.10"]
[White "Raaber, Arthur"]
[Black "Kempe, Frank"]
[Result "0-1"]
[WhiteElo "1491"]
[BlackElo "2030"]
[PlyCount "42"]
[EventDate "2014.??.??"]
[WhiteTeam "SV Würzburg von 1865 e.V."]
[BlackTeam "Südlohner Schachverein 1956 e.V."]

1. d4 Nf6 2. c4 c5 3. dxc5 e5 4. Nc3 Bxc5 5. e4 d6 6. Nf3 Ng4 7. Be3 Nxe3 8.
fxe3 Be6 9. Qd2 Qb6 10. Kf2 Nd7 11. Nd5 Bxd5 12. exd5 Nf6 13. Ke2 Bxe3 14. Qc2
O-O 15. h3 Nh5 16. Rh2 Ng3+ 17. Ke1 e4 18. Nd2 Bg1 19. Nxe4 Nxe4 20. Rh1 Rfe8
21. Kd1 Nf2+ 0-1

[Event "24. Schweinfurt Open"]
[Site "Schweinfurt"]
[Date "2014.06.19"]
[Round "2.1"]
[White "Gould, Charles"]
[Black "Golda, Harald"]
[Result "0-1"]
[WhiteElo "1963"]
[BlackElo "2345"]
[PlyCount "44"]
[EventDate "2014.??.??"]

1. f4 Nf6 2. b3 e6 3. Bb2 b6 4. Nf3 Be7 5. e3 O-O 6. Bd3 d6 7. O-O Nbd7 8. Qe1
Bb7 9. Qg3 Nc5 10. Bxh7+ Kxh7 11. Qh3+ Kg8 12. Ng5 Nce4 13. Bxf6 Nxg5 14. fxg5
gxf6 15. gxf6 Bxf6 16. Nc3 Bg7 17. Rf4 f5 18. Raf1 Qg5 19. e4 Rf6 20. exf5 Rxf5
21. Rg4 Rxf1+ 22. Kxf1 Rf8+ 0-1

[Event "24. Schweinfurt Open"]
[Site "Schweinfurt"]
[Date "2014.06.19"]
[Round "2.4"]
[White "Ziegler, Michael"]
[Black "Wiener, Horst"]
[Result "1-0"]
[WhiteElo "2158"]
[BlackElo "1891"]
[PlyCount "83"]
[EventDate "2014.??.??"]

1. d4 Nf6 2. Nf3 g6 3. c4 Bg7 4. Nc3 d5 5. Bf4 c6 6. e3 O-O 7. h3 Qa5 8. Bd3
dxc4 9. Bxc4 Nd5 10. Bxd5 cxd5 11. O-O Nc6 12. a3 e6 13. Bd6 Re8 14. b4 Qb6 15.
Rc1 Bd7 16. Bg3 Ne7 17. Na4 Qb5 18. Nc5 Bc6 19. Rb1 Rec8 20. a4 Qb6 21. b5 Be8
22. Qd2 Nf5 23. Bh2 Bf8 24. a5 Qd8 25. Nxb7 Qd7 26. a6 f6 27. Qa5 Rc4 28. Ne1
Rac8 29. Nd3 Bf7 30. Ndc5 Bxc5 31. Nxc5 Qe7 32. b6 axb6 33. Rxb6 Qd8 34. a7 e5
35. Ra6 Qxa5 36. Rxa5 Ra8 37. Rb1 Kg7 38. g4 Nh4 39. Bg3 Nf3+ 40. Kg2 e4 41.
Rb8 Rc1 42. Bh2 1-0

[Event "24. Schweinfurt Open"]
[Site "Schweinfurt"]
[Date "2014.06.19"]
[Round "2.5"]
[White "Schneider, Johannes"]
[Black "Amtmann, Florian"]
[Result "0-1"]
[WhiteElo "1860"]
[BlackElo "2153"]
[PlyCount "50"]
[EventDate "2014.??.??"]

1. d4 Nf6 2. c4 g6 3. Nc3 Bg7 4. e4 d6 5. f3 O-O 6. Be3 e5 7. Nge2 c6 8. Qd2
Nbd7 9. O-O-O a6 10. g4 b5 11. Ng3 Rb8 12. h4 bxc4 13. Bxc4 d5 14. exd5 Nb6 15.
Bb3 Nfxd5 16. dxe5 Qe7 17. Bd4 c5 18. Bxc5 Qxc5 19. Bxd5 Nxd5 20. Qxd5 Qb4 21.
Qd2 Bxe5 22. Nge2 Be6 23. Rhe1 Rfc8 24. a3 Qb7 25. Rf1 Bc4 0-1

[Event "24. Schweinfurt Open"]
[Site "Schweinfurt"]
[Date "2014.06.19"]
[Round "2.6"]
[White "Kuhn, Norbert"]
[Black "Müller, Gerhard"]
[Result "1-0"]
[WhiteElo "2151"]
[BlackElo "1840"]
[PlyCount "83"]
[EventDate "2014.??.??"]

1. e4 d5 2. exd5 Qxd5 3. d4 Nc6 4. Nf3 Bg4 5. Be2 e6 6. Bf4 Qe4 7. Be3 Nb4 8.
Na3 Nd5 9. Qd2 Bb4 10. c3 Nxe3 11. fxe3 Bxa3 12. bxa3 Nf6 13. O-O Nd5 14. Ng5
Qxe3+ 15. Qxe3 Nxe3 16. Bxg4 Nxg4 17. Rxf7 h6 18. Rf4 hxg5 19. Rxg4 Rh5 20. Rb1
b6 21. Rb5 Kf7 22. Rbxg5 Rxg5 23. Rxg5 Rc8 24. h4 c5 25. dxc5 Rxc5 26. Rxc5
bxc5 27. Kf2 Kf6 28. Kf3 Kf5 29. g4+ Ke5 30. Ke3 a6 31. c4 a5 32. a4 Kf6 33.
Ke4 Kf7 34. Ke5 Ke7 35. h5 Kd7 36. g5 Ke7 37. h6 gxh6 38. gxh6 Kf7 39. h7 Kg7
40. Kxe6 Kxh7 41. Kd5 Kg6 42. Kxc5 1-0

[Event "24. Schweinfurt Open"]
[Site "Schweinfurt"]
[Date "2014.06.20"]
[Round "2.7"]
[White "Brätz, Yannick"]
[Black "Lukas, Norbert"]
[Result "0-1"]
[WhiteElo "992"]
[BlackElo "2061"]
[PlyCount "138"]
[EventDate "2014.??.??"]

1. e4 e6 2. d4 d5 3. exd5 exd5 4. Nf3 Bf5 5. Nc3 Nf6 6. Bg5 Be7 7. Bd3 Bg6 8.
O-O O-O 9. Bxg6 fxg6 10. Bxf6 gxf6 11. Re1 c6 12. Qe2 Rf7 13. Qe6 Qd7 14. Qxd7
Nxd7 15. Re2 Bb4 16. Rae1 Kf8 17. a3 Bd6 18. Re6 Bc7 19. R6e2 Nb6 20. b3 Bd6
21. a4 Bb4 22. Re3 Re7 23. R1e2 Rae8 24. Nb1 Rxe3 25. Rxe3 Rxe3 26. fxe3 Ke7
27. c3 Bd6 28. a5 Nd7 29. b4 b6 30. axb6 axb6 31. Nbd2 c5 32. bxc5 bxc5 33. e4
cxd4 34. cxd4 Ke6 35. exd5+ Kxd5 36. Kf2 Bf4 37. Nf1 Ke4 38. Ke2 g5 39. g4 Nb8
40. h3 Nc6 41. d5 Kxd5 42. Kd3 Ne5+ 43. Ke2 Nc4 44. Kf2 Nd6 45. Ne1 Kd4 46.
Nf3+ Ke4 47. Ng3+ Kd5 48. Nh5 Ne4+ 49. Kg2 Be5 50. Nh2 Nd2 51. Nf3 Nc4 52. Ng3
Bxg3 53. Kxg3 Ke4 54. h4 Ne5 55. Nh2 gxh4+ 56. Kxh4 Kf4 57. Kh3 h6 58. Kh4 Nf3+
59. Nxf3 Kxf3 60. Kh3 Kf2 61. Kh2 Ke3 62. Kg3 Ke4 63. Kh4 Kf4 64. Kh3 Kf3 65.
Kh4 Kg2 66. g5 hxg5+ 67. Kg4 Kf2 68. Kf5 Kf3 69. Kxf6 g4 0-1

[Event "24. Schweinfurt Open"]
[Site "Schweinfurt"]
[Date "2014.06.19"]
[Round "2.8"]
[White "Blank, Stefan"]
[Black "Barnickel, Josef"]
[Result "0-1"]
[WhiteElo "1834"]
[BlackElo "2037"]
[PlyCount "128"]
[EventDate "2014.??.??"]

1. e4 c5 2. Nf3 Nc6 3. g3 g6 4. Bg2 Bg7 5. O-O Nf6 6. d3 O-O 7. Nbd2 d5 8. c3
b6 9. Re1 Ba6 10. exd5 Nxd5 11. Nc4 Qc7 12. Qe2 Rad8 13. Ng5 e5 14. h4 h6 15.
Nh3 Rfe8 16. f4 exf4 17. Qxe8+ Rxe8 18. Rxe8+ Kh7 19. Bxd5 Qd7 20. Bxc6 Qxc6
21. Re4 f5 22. Re7 b5 23. Bxf4 Bb7 24. Rxb7 Qxb7 25. Ne5 Qd5 26. Re1 Qxa2 27.
Re2 Kg8 28. Kf2 Kh7 29. Ng1 a5 30. Ngf3 Qd5 31. c4 Qb7 32. cxb5 Qxb5 33. Nc4
Bf6 34. Be5 Bd8 35. Bc3 a4 36. Nfe5 g5 37. Nd6 Qb3 38. Nec4 gxh4 39. Nxf5 h3
40. g4 Qb7 41. Re4 Qd5 42. Ne5 Bc7 43. Ne3 Qd8 44. Nf5 Qd5 45. Nd7 Bd8 46. Nf8+
Kg8 47. Ng6 Kf7 48. Nf4 Qc6 49. Nxh3 h5 50. g5 Qd7 51. Nh6+ Kg6 52. Nf4+ Kxg5
53. Ng8 Qf7 54. Nf6 Bxf6 55. Ne6+ Kh6 56. Bxf6 Qxf6+ 57. Nf4 Qxb2+ 58. Kg3 Qg7+
59. Kf2 a3 60. Re6+ Kg5 61. Re4 Qf6 62. Ke3 a2 63. Ne6+ Kh6 64. Nxc5 a1=Q 0-1

[Event "24. Schweinfurt Open"]
[Site "Schweinfurt"]
[Date "2014.06.19"]
[Round "2.9"]
[White "Kempe, Frank"]
[Black "Markwardt, Sven"]
[Result "1/2-1/2"]
[WhiteElo "2030"]
[BlackElo "1779"]
[PlyCount "58"]
[EventDate "2014.??.??"]

1. d4 Nf6 2. Nf3 c5 3. e3 d5 4. Nbd2 Nc6 5. c3 a5 6. Bb5 Bd7 7. O-O e6 8. Ne1
Bd6 9. f4 O-O 10. Bd3 Qb6 11. Rf3 cxd4 12. exd4 e5 13. fxe5 Bxe5 14. Qb3 Bxd4+
15. cxd4 Qxd4+ 16. Kh1 Ng4 17. Nc2 Nf2+ 18. Rxf2 Qxf2 19. Nf3 Bh3 20. Nfe1 Nd4
21. Qb6 Rfe8 22. Be3 Rxe3 23. Nxe3 Qxe3 24. gxh3 Re8 25. Rd1 g6 26. Qf6 Nf5 27.
Bxf5 Qf2 28. Ng2 Re2 29. Rg1 Re8 {wegen Zeitnot Remis} 1/2-1/2

[Event "24. Schweinfurt Open"]
[Site "Schweinfurt"]
[Date "2014.06.19"]
[Round "2.10"]
[White "Brodt, Andreas"]
[Black "Krenz, Dieter"]
[Result "1/2-1/2"]
[WhiteElo "1579"]
[BlackElo "2024"]
[PlyCount "117"]
[EventDate "2014.??.??"]

1. Nf3 d5 2. d4 Nf6 3. g3 e6 4. Bg2 b6 5. Bg5 Bb7 6. Nbd2 Be7 7. O-O Nbd7 8. c4
dxc4 9. Nxc4 O-O 10. e3 h6 11. Bxf6 Bxf6 12. Qc2 Qe7 13. e4 e5 14. dxe5 Nxe5
15. Nfxe5 Bxe5 16. Rfd1 Rfd8 17. Nxe5 Qxe5 18. Rac1 c5 19. f4 Qe7 20. e5 a6 21.
a3 Rac8 22. Qf2 Bxg2 23. Qxg2 b5 24. Qf3 c4 25. Rd5 Rxd5 26. Qxd5 Rd8 27. Qe4
Qc5+ 28. Kg2 Rd2+ 29. Kh3 g6 30. f5 Qf2 31. fxg6 Qxh2+ 32. Kg4 h5+ 33. Kg5
Qxg3+ 34. Kh6 Qxg6+ 35. Qxg6+ fxg6 36. Kxg6 h4 37. Kf6 Kf8 38. Rh1 Rd4 39. e6
Ke8 40. Rg1 Rf4+ 41. Ke5 Rf3 42. Rg8+ Ke7 43. Rg7+ Kf8 44. Rh7 h3 45. Kd6 Kg8
46. Rh4 Rd3+ 47. Ke7 Kg7 48. Rg4+ Kh6 49. Ke8 Kh5 50. Rg7 a5 51. e7 Kh6 52. Kf8
Re3 53. Rf7 h2 54. Rf1 Rf3+ 55. Rxf3 h1=Q 56. Rf6+ Kg5 57. Rg6+ Kxg6 58. e8=Q+
Kf6 59. Qe7+ 1/2-1/2

[Event "24. Schweinfurt Open"]
[Site "Schweinfurt"]
[Date "2014.06.20"]
[Round "3.1"]
[White "Golda, Harald"]
[Black "Kuhn, Norbert"]
[Result "1-0"]
[WhiteElo "2345"]
[BlackElo "2151"]
[PlyCount "67"]
[EventDate "2014.??.??"]

1. d4 d5 2. Nf3 Nf6 3. c4 e6 4. Nc3 Be7 5. Bg5 Nbd7 6. cxd5 Nxd5 7. Bxe7 Qxe7
8. e4 Nxc3 9. bxc3 e5 10. Bd3 O-O 11. O-O b6 12. Re1 Bb7 13. Bb5 c6 14. Bc4 c5
15. d5 Qd6 16. a4 Rfd8 17. Qd2 h6 18. Nh4 Nf6 19. Nf5 Qf8 20. f4 g6 21. fxe5
Ng4 22. Nd6 Nxe5 23. Nxb7 Nxc4 24. Qe2 Rd7 25. Qxc4 Rxb7 26. e5 Re7 27. Re4
Rae8 28. Rae1 Qg7 29. e6 fxe6 30. d6 Rd7 31. Rxe6 Rxe6 32. Rxe6 Kf8 33. Qf4+
Kg8 34. Qe4 1-0

[Event "24. Schweinfurt Open"]
[Site "Schweinfurt"]
[Date "2014.06.20"]
[Round "3.2"]
[White "Lukas, Norbert"]
[Black "Schmid, Michael"]
[Result "1/2-1/2"]
[WhiteElo "2061"]
[BlackElo "2227"]
[PlyCount "35"]
[EventDate "2014.??.??"]

1. e4 c6 2. d4 d5 3. Nc3 dxe4 4. Nxe4 Nf6 5. Nxf6+ gxf6 6. Bf4 Qb6 7. Rb1 Qa5+
8. b4 Qxa2 9. Bd3 Qd5 10. Nf3 Bg4 11. Be2 Nd7 12. O-O b5 13. h3 Bh5 14. Qd2 Rg8
15. Qe3 Qe6 16. Qxe6 fxe6 17. Ra1 e5 18. dxe5 1/2-1/2

[Event "24. Schweinfurt Open"]
[Site "Schweinfurt"]
[Date "2014.06.20"]
[Round "3.3"]
[White "Krauß, Josef"]
[Black "Barnickel, Josef"]
[Result "1-0"]
[WhiteElo "2174"]
[BlackElo "2037"]
[PlyCount "35"]
[EventDate "2014.??.??"]

1. e4 c5 2. c3 Nf6 3. e5 Nd5 4. Nf3 Nc6 5. Bc4 Nb6 6. Bb3 d6 7. exd6 Qxd6 8.
Na3 g6 9. d4 cxd4 10. Nb5 Qd8 11. Bf4 Bg7 12. Nc7+ Kf8 13. Nxa8 Nxa8 14. cxd4
Nxd4 15. Nxd4 Qxd4 16. O-O Nb6 17. Qf3 h5 18. Rfd1 1-0

[Event "24. Schweinfurt Open"]
[Site "Schweinfurt"]
[Date "2014.06.20"]
[Round "3.4"]
[White "Helgert, Johannes"]
[Black "Ziegler, Michael"]
[Result "1/2-1/2"]
[WhiteElo "1994"]
[BlackElo "2158"]
[PlyCount "81"]
[EventDate "2014.??.??"]

1. d4 Nf6 2. c4 g6 3. f3 Bg7 4. e4 O-O 5. Nc3 d6 6. Bg5 a6 7. Qd2 Nc6 8. Nge2
Rb8 9. d5 Na5 10. Nd4 c5 11. Nc2 Bd7 12. Na3 Re8 13. Bd3 Qc7 14. b3 b5 15. cxb5
c4 16. b6 Qxb6 17. Nxc4 Nxc4 18. Bxc4 Bb5 19. Be3 Qa5 20. Bxb5 axb5 21. Bd4 Qb4
22. Ne2 Qa3 23. O-O Rb7 24. Rfc1 Nd7 25. Bxg7 Kxg7 26. Rc2 Ra8 27. Rac1 Rba7
28. Qd4+ Kg8 29. Rc8+ Nf8 30. R1c2 Rxc8 31. Rxc8 Ra8 32. Rxa8 Qxa8 33. a4 bxa4
34. bxa4 Qa5 35. Kf2 Nd7 36. Nc3 Nc5 37. Kg3 Qa6 38. h4 h5 39. Kf2 Nd3+ 40. Kg3
Nc5 41. Kf2 1/2-1/2

[Event "24. Schweinfurt Open"]
[Site "Schweinfurt"]
[Date "2014.06.20"]
[Round "3.5"]
[White "Amtmann, Florian"]
[Black "Kilian, Markus"]
[Result "1-0"]
[WhiteElo "2153"]
[BlackElo "2013"]
[PlyCount "101"]
[EventDate "2014.??.??"]

1. e4 d6 2. d4 Nf6 3. f3 c5 4. dxc5 Qa5+ 5. c3 Qxc5 6. b4 Qc7 7. Ne2 g6 8. Nd4
Bg7 9. Be2 O-O 10. O-O Nbd7 11. Bb2 Qb6 12. Kh1 Ne5 13. Nd2 Bd7 14. Nc4 Nxc4
15. Bxc4 e5 16. Nc2 Rac8 17. Na3 a5 18. Qd2 Rfd8 19. Bb3 a4 20. Bc2 Be6 21. c4
Bxc4 22. Nxc4 Rxc4 23. a3 d5 24. Qe2 Rdc8 25. Bxa4 dxe4 26. Bb3 exf3 27. Qxf3
Rf4 28. Qh3 Rxf1+ 29. Rxf1 Re8 30. Bc4 Re7 31. Qb3 Kf8 32. Bc1 h6 33. Be3 Qc7
34. Bc5 Kg8 35. Bxe7 Qxe7 36. h3 e4 37. Qe3 h5 38. Qc5 Qd8 39. a4 Bh6 40. Qe5
Bg7 41. Qb5 Qd4 42. Qc5 Qd2 43. Qe7 Qg5 44. Qxf7+ Kh7 45. Qxb7 Ng4 46. hxg4
Qh4+ 47. Kg1 hxg4 48. Qxe4 Qd8 49. Qxg4 Bd4+ 50. Kh1 Kh6 51. Qf4+ 1-0

[Event "24. Schweinfurt Open"]
[Site "Schweinfurt"]
[Date "2014.06.20"]
[Round "3.6"]
[White "Krenz, Dieter"]
[Black "Kempe, Frank"]
[Result "1-0"]
[WhiteElo "2024"]
[BlackElo "2030"]
[PlyCount "59"]
[EventDate "2014.??.??"]

1. e4 c5 2. d4 cxd4 3. c3 dxc3 4. Nxc3 Nc6 5. Nf3 e6 6. Bc4 Nge7 7. Bg5 f6 8.
Be3 a6 9. O-O b5 10. Bb3 Ng6 11. Qe2 Na5 12. Bc2 Nc4 13. Bb3 Na5 14. Bc2 Nc4
15. Bc1 Bb4 16. Rd1 Qe7 17. a4 Bxc3 18. bxc3 Bb7 19. Bd3 d5 20. Nd4 Nge5 21.
exd5 Nxd3 22. Qxd3 Bxd5 23. axb5 O-O 24. bxa6 Qd6 25. Nf5 Qd7 26. Qxc4 Bxc4 27.
Rxd7 exf5 28. a7 Rf7 29. Rxf7 Kxf7 30. Bf4 1-0

[Event "24. Schweinfurt Open"]
[Site "Schweinfurt"]
[Date "2014.06.20"]
[Round "3.7"]
[White "Markwardt, Sven"]
[Black "Brodt, Andreas"]
[Result "1/2-1/2"]
[WhiteElo "1779"]
[BlackElo "1579"]
[PlyCount "68"]
[EventDate "2014.??.??"]

1. c4 Nf6 2. g3 c5 3. Bg2 e6 4. Nf3 Be7 5. O-O Nc6 6. d4 d5 7. cxd5 Nxd5 8. e4
Nb6 9. dxc5 Qxd1 10. Rxd1 Bxc5 11. Nc3 a6 12. Bf4 Bd7 13. Rac1 Rc8 14. a3 h6
15. b4 Be7 16. b5 Na5 17. bxa6 bxa6 18. Nb1 Rxc1 19. Rxc1 O-O 20. Bf1 Bb5 21.
Rc7 Bf6 22. Bxb5 axb5 23. Bd6 Rd8 24. e5 Bxe5 25. Nxe5 Rxd6 26. Nc3 Nac4 27.
Nxf7 Rd3 28. Nxb5 Nxa3 29. Nxa3 Rxa3 30. Ne5 Ra1+ 31. Kg2 Re1 32. Nf3 Re4 33.
h4 Nd5 34. Rc5 Kf7 1/2-1/2

[Event "24. Schweinfurt Open"]
[Site "Schweinfurt"]
[Date "2014.06.20"]
[Round "3.8"]
[White "Grasmik, Waldemar"]
[Black "Gould, Charles"]
[Result "0-1"]
[WhiteElo "1597"]
[BlackElo "1963"]
[PlyCount "124"]
[EventDate "2014.??.??"]

1. d4 g6 2. e4 d6 3. Nc3 Nf6 4. h4 Bg7 5. g3 c5 6. d5 a6 7. Bh3 Bxh3 8. Nxh3
Qa5 9. Bd2 Nbd7 10. a3 Ne5 11. f4 Nc4 12. b3 Nxd2 13. Qxd2 Ng4 14. Na4 Qxd2+
15. Kxd2 Bxa1 16. Rxa1 b5 17. Nb2 Kd7 18. Re1 f6 19. f5 gxf5 20. exf5 Ne5 21.
Re3 Rhg8 22. Nf2 c4 23. b4 Rg7 24. Nbd1 Rag8 25. Nh1 Ng4 26. Rf3 h5 27. Nc3 Ne5
28. Re3 Kc7 29. Ne2 Kb6 30. Nf4 Rh7 31. Ne2 Ng4 32. Rf3 Ra8 33. Nd4 a5 34. Ne2
axb4 35. axb4 Rg7 36. Rf4 Ra1 37. Nf2 Nxf2 38. Rxf2 Ra3 39. Rg2 Rf3 40. c3 Rd3+
41. Kc2 Rxd5 42. Nd4 Re5 43. Kd2 Rg8 44. Kc2 Re3 45. Ne2 Rf3 46. Nd4 Rfxg3 47.
Re2 Rg2 48. Kd2 Rxe2+ 49. Kxe2 Rg4 50. Nf3 Rf4 51. Ke3 Rxf5 52. Ke4 Rxf3 53.
Kxf3 e6 54. Ke4 Kc6 55. Kd4 f5 56. Ke3 e5 57. Kf3 d5 58. Ke3 f4+ 59. Kf3 Kd6
60. Ke2 e4 61. Kf2 Ke5 62. Ke2 d4 0-1

[Event "24. Schweinfurt Open"]
[Site "Schweinfurt"]
[Date "2014.06.20"]
[Round "3.10"]
[White "Hofmann-Weippert, Matthias"]
[Black "Drewes, Thomas"]
[Result "1-0"]
[WhiteElo "1508"]
[BlackElo "1910"]
[PlyCount "59"]
[EventDate "2014.??.??"]

1. d4 d5 2. c4 c6 3. Qc2 Nf6 4. Nc3 g6 5. e3 Bf5 6. Bd3 Bxd3 7. Qxd3 e6 8. Nf3
Nbd7 9. O-O Bg7 10. b3 O-O 11. Bb2 Re8 12. Rfe1 Rc8 13. e4 dxe4 14. Nxe4 Nxe4
15. Qxe4 a5 16. Rab1 Qc7 17. Qh4 Qd8 18. Qf4 c5 19. d5 Bxb2 20. dxe6 Rxe6 21.
Rxe6 fxe6 22. Rxb2 Qf6 23. Qxf6 Nxf6 24. Re2 Re8 25. Re5 Nd7 26. Re1 e5 27. Ng5
h6 28. Ne4 b6 29. Rd1 Re7 30. Rxd7 1-0

[Event "24. Schweinfurt Open"]
[Site "Schweinfurt"]
[Date "2014.06.21"]
[Round "4.1"]
[White "Krauß, Josef"]
[Black "Golda, Harald"]
[Result "1/2-1/2"]
[WhiteElo "2174"]
[BlackElo "2345"]
[PlyCount "22"]
[EventDate "2014.??.??"]

1. e4 e5 2. Nf3 Nc6 3. Nc3 Nf6 4. d4 exd4 5. Nd5 Nxd5 6. exd5 Bb4+ 7. Bd2 Qe7+
8. Qe2 Bxd2+ 9. Kxd2 Qxe2+ 10. Bxe2 Nb4 11. Bc4 O-O 1/2-1/2

[Event "24. Schweinfurt Open"]
[Site "Schweinfurt"]
[Date "2014.06.21"]
[Round "4.2"]
[White "Schmid, Michael"]
[Black "Amtmann, Florian"]
[Result "1-0"]
[WhiteElo "2227"]
[BlackElo "2153"]
[PlyCount "77"]
[EventDate "2014.??.??"]

1. e4 c5 2. c3 g6 3. d4 cxd4 4. cxd4 d5 5. exd5 Nf6 6. Bb5+ Nbd7 7. Nc3 Bg7 8.
Nge2 a6 9. Bxd7+ Qxd7 10. Qb3 O-O 11. Nf4 Qf5 12. h3 h5 13. O-O g5 14. Nfe2 g4
15. Ng3 Qg6 16. h4 Nh7 17. Nce4 Bxd4 18. Qb4 Ba7 19. Qxe7 f5 20. Nd6 f4 21.
Nxc8 Raxc8 22. Qxb7 Bb8 23. Ne2 f3 24. Nf4 Bxf4 25. Bxf4 fxg2 26. Rfe1 Qf5 27.
Bg3 Rc2 28. Re5 Qf3 29. Rxh5 Rf7 30. Qb8+ Rf8 31. Qa7 Rf7 32. Qd4 Qe2 33. Re5
Qb5 34. Qxg4+ Kh8 35. Rh5 Re2 36. Rc1 Rf8 37. Rxh7+ Kxh7 38. Rc7+ Kh6 39. Qg5#
1-0